000 00829nam a2200241 i 4500
001 82495
003 ES-MaACL
005 20251002204012.0
007 t|
008 041110s1948 sp ||||1| spa d
080 _a352(460.353 S.)"11"
100 1 _aIbn 'Abdun, Muhammad b. Ahmad.
_964994
245 1 0 _aSevilla a comienzos del siglo XII
_b: el tratado de Ibn 'Abdun /
_cE. Levi-Provençal y Emilio García Gómez.
260 _aMadrid :
_bMoneda y Crédito,
_c1948.
300 _aXVI, 203 p., 6 lám. ;
_c17 cm.
500 _aBiblioteca Juan Andrade.
651 4 _aSevilla-
_xAdministración-
_yS.XII.
_99380
700 1 _aLévi-Provençal, E.
_971960
700 1 _aGarcía Gómez, Emilio,
_d1905-1995
_954690
852 _aES-MaACL
_jD-7972
_bR.29578
852 _aES-MaACL
_jAND-935
_bR.110223
999 _c82495
_d82495